000 00514cam a22001934a 4500
005 20250605164157.0
008 250528s ||||||||||||||||||||||||d
035 _a19645
020 _a9607623231
040 _aGR-AtMCL
_bgre
_dGR-AtMCL
_eAACR2
245 1 _aΕΠΙΚΟΙΝΩΝΙΑ-ΜΜΕ ΚΑΙ ΡΗΤΟΡΙΚΗ ΤΕΧΝΗ
250 _a1
260 _bΓερμανος,
_c1999
300 _a268
700 1 _aΣτρατακης Μιχαλης
_95850
942 _cBK
999 _c4901
_d4901